Estrangeiro (Record no. 134363)

MARC details
000 -LÍDER
campo de controle de tamanho fixo 01226 a2200217 4500
001 - NÚMERO DE CONTROLE
campo de controle 134363
020 ## - ISBN - INTERNATIONAL STANDARD BOOK NUMBER
ISBN - International Standard Book Number 85-02-05019-2
040 ## - FONTE DA CATALOGAÇÃO
Instituição que transcreveu o registro Leonardo Da Vinci
041 ## - CÓDIGO DE IDIOMA
Código do idioma do texto/trilha sonora ou título diferente Português
082 ## - CDD - CLASSIFICAÇÃO DECIMAL DE DEWEY
Número de Classificação 342.810 B83e
Número do exemplar B83e
100 ## - ENTRADA PRINCIPAL--NOME PESSOAL
Nome pessoal BRASIL
245 ## - TÍTULO
Título Estrangeiro
Restante do título A Lei nº 6.815, de 19-8-1980 (estatuto do estrangeiro), atualizada<br/>pela Lei nº 6.964, de 9-12-1981, acompanhada de seu regulamento (Decreto<br/>nº 86.715, de 10-12-1981), e dos principais diplomas legais que compõem<br/>o regime jurídico do estrangeiro, inclusive os novos valores de<br/>emolumentos e taxas (Portarias ns. 137, de 1-3-1983, e Decreto-lei nº<br/>2.236, de 23-1-1985) e concessão da permanência no Brasil aos<br/>estrangeiros registrados provisoriamente (Lei nº 7.180, de 20-12-1983).<br/>Além de dispositivos do Regimento Interno e Súmulas do Supremo Tribunal<br/>Federal, acompanham Índices Sistemáticos, Numérico e Alfabético-<br/>Remissivos
250 ## - EDIÇÃO
Edição 5.ed
260 ## - PUBLICAÇÃO, DISTRIBUIÇÃO, ETC.
Nome do editor, distribuidor, etc. Saraiva
Data da publicação, distribuição, etc. 1985
Local de publicação, distribuição, etc. São Paulo
300 ## - DESCRIÇÃO FÍSICA
Extensão 156
362 ## - DATAS DE PUBLICAÇÃO E/OU DESIGNAÇÃO SEQUENCIAL
Datas de publicação e/ou designação sequencial 19850000
490 ## - TÍTULO DA SÉRIE
Título da série Legislação brasileira
500 ## - NOTA GERAL
Nota geral Organização dos textos, notas remissivas e indices (Juarez de<br/>Oliveira)
697 ## - ENTRADA DE ASSUNTO LOCAL--ENTIDADE COLETIVA (RLIN)
Nome corporativo ou nome da jurisdição Direito
-- Legislação
-- Leis
-- Estrangeiro
-- Brasil
-- FIPEN
942 ## - ELEMENTOS DE ENTRADA ADICIONADOS (KOHA)
Tipo de material Koha Livros
Holdings
Situação do descarte Situação das perdas Situação física Não pode ser emprestado Biblioteca de origem Biblioteca atual Data de aquisição Total de empréstimos Número de chamada completo Código de barras Data de último acesso Data do preço efetivo Tipo de material Koha
        Leonardo Da Vinci - Osasco Leonardo Da Vinci - Osasco 27/03/2024   342.810 B83e O009683 27/03/2024 27/03/2024 Livros